000 01030nam a2200253Ia 4500
003 OSt
005 20220923224905.0
006 a|||||r|||| 00| 0
007 ta
008 220922b |||||||| |||| 00| 0 hin d
024 _a253,232
037 _cTextual
040 _aARTS
_cARTS
_bhin
041 _2hin
_ahin
082 _aO152,3N05:g(S), L5
100 _aशर्मा, लक्ष्मीकान्त
245 0 _aजैनेन्द्र के उपन्यासों का मनोविज्ञानपरक शैली - तात्विक अध्ययन
246 _aJainendra ke upanyāsoan kā hinovijnyānaparak shailī - tātvik adhyayana
260 _aनई दिल्ली
_b पूर्वोदय प्रकाशन
_c1975
300 _a292पृ.
_ccm.
650 _aहिन्दी साहित्य
_9156264
942 _hO152,3N05:g(S), L5
_cTEXL
_2CC
999 _c374430
_d374430